000 01103nam0a22002531 4500
001 rc\660088
005 20260406214333.0
035 _a(NLR Aleph) 005899344
090 _a6260198
_c6260198
100 _a20031121d1986 |||y0rusy50 ca
101 0 _arus
102 _aRU
105 _ay |||||||||
200 1 _aДействительные члены Всесоюзного минералогического общества
_eСправочник
_fАН СССР...
_g[Составитель Т.Н. Соколова]
_gОтв. ред. Д.В. Рундквист, Ю.Б. Марин
210 _aЛ.
_cНаука. Ленингр. отд-ние
_d1986
215 _a279, [1] с.
_d21
702 1 _aСоколова
_bТ.Н.
_gТатьяна Николаевна
_4220
702 1 _aРундквист
_bД.В.
_gДмитрий Васильевич
_4340
710 0 2 _aВсесоюзное минералогическое общество
_cЛенинград
_3RU\NLR\AUTH\889972101
_9440679
801 0 _aRU
_bNLR
_gpsbo
801 1 _aRU
_bELAR
_2rusmarc
852 _aNLR
_bС
_jК-2/3419
942 _cBOOK
980 _aNB